Loading...
| Fine Arts - Other Fine Arts | 0 | 2 | 0 | 2 | 20 | 126 | 130.00 | 0 | 0 |
| Fine Arts - Classical Music | 0 | 2 | 0 | 0 | 20 | 42 | 87.50 | 0 | 1 |
| History - European History | 0 | 2 | 1 | 2 | 15 | 121 | 126.00 | 0 | 0 |
| Literature - British Literature | 0 | 1 | 0 | 0 | 10 | 121 | 121.00 | 0 | 0 |
| History - American History | 0 | 1 | 0 | 0 | 10 | 96 | 96.00 | 0 | 0 |
| History - World History | 0 | 1 | 0 | 0 | 10 | 103 | 103.00 | 0 | 0 |
| Literature - European Literature | 0 | 1 | 0 | 1 | 10 | 126 | 126.00 | 0 | 0 |
| Science - Chemistry | 0 | 1 | 0 | 1 | 10 | 118 | 118.00 | 0 | 0 |
| Science - Other Science | 0 | 1 | 0 | 0 | 10 | 82 | 82.00 | 0 | 1 |
| Science - Physics | 0 | 1 | 0 | 0 | 10 | 100 | 100.00 | 0 | 0 |
| Geography/Current Events | 0 | 1 | 1 | 0 | 5 | 72 | 72.00 | 0 | 0 |
| History - Other History | 0 | 1 | 1 | 0 | 5 | 86 | 86.00 | 0 | 0 |
| Social Science | 0 | 1 | 2 | 1 | 0 | 127 | 127.00 | 0 | 0 |
| Mythology | 0 | 0 | 1 | 0 | -5 | 0.00 | 0 | 0 | |
| Other Academic | 0 | 0 | 1 | 0 | -5 | 0.00 | 0 | 0 | |
| Fine Arts - Visual Fine Arts | 0 | 0 | 1 | 0 | -5 | 0.00 | 0 | 0 |